| 000 | 00909nam a22001935i 4500 | ||
|---|---|---|---|
| 001 | 161810 | ||
| 003 | ES-MaACL | ||
| 005 | 20251111063351.0 | ||
| 008 | 020122s1870 sp |||| | spa d | ||
| 040 |
_aCAM _bspa _cCAM |
||
| 100 | 1 |
_aPérez Echevarría, Francisco, _d1842-1884 _9131463 |
|
| 245 | 1 | 3 |
_aEl centro de gravedad _b: comedia en tres actos y en verso / _coriginal de Francisco Pérez Echevarría. |
| 260 |
_aMadrid : _b[s.n.], _c1870 ( _fImprenta de José Rodriguez) |
||
| 300 |
_a102 p. ; _c19 cm. |
||
| 500 | _aEn port.: Estrenada en el Teatro Español (antes del Príncipe) la noche del 16 de noviembre de 1870. | ||
| 596 | _aEn verso de la port. consta: Gullon e Hidalgo. | ||
| 852 |
_aES-MaACL _jF-8575(7) _z-- Enc. pasta española _q-- Falto de la cub. original _z-- Enc. en un vol. facticio formando parta de la Col. "Teatro español moderno" vol. 28 |
||
| 999 |
_c161810 _d161810 |
||